Historia de la argentina contemporánea : desde la construcción del mercado, el estado y la nación /

Guardado en:
Autor Principal: Privitellio, Luciano de
Otros Autores: Luchilo, Lucas J., Cattaruzza, Alejandro M., Paz, Gustavo L., Rodríguez, Claudia L.
Formato: Libro
Publicado: Buenos Aires : Santillana, 1998
Series:Polimodal
Materias:
Etiquetas: Agregar Etiqueta
Sin Etiquetas, Sea el primero en etiquetar este registro!
LEADER 02352nam a22003375a 4500
001 CEM.cems009906
008 130507s1998##################000#0#####d
005 20241220105944.0
245 1 0 |a Historia de la argentina contemporánea :  |b desde la construcción del mercado, el estado y la nación /  |c Luciano de Privitellio ; lucas. J. Luchilo ; alejandro M. Cattaruzza ; gustavo L. Paz ; claudia L. Rodríguez 
260 |a Buenos Aires :  |b Santillana,  |c 1998 
300 |a 304 p. 
490 0 |a Polimodal 
505 0 |a El nombre de la Argentina -- Política e historia en la Argentina contemporánea -- Las luchas por la organización nacional (1810-1880) -- Los legados de la Independencia (1810-1820) -- En busca de un nuevo orden (1820-1850) -- Los comienzos de una economía moderna (1850-1880) -- La formación del Estado y la nación (1852-1880) -- La construcción de la Argentina moderna (1880-1916) -- La edad de oro del modelo agroexportador -- La Argentina de la gran inmigración -- El régimen conservador: apogeo y transformación (1880-1916) -- Radicales y conservadores (1916-1943) -- La consagración democrática -- Los desafíos de la crisis (1930-1943) -- Peronismo y antiperonismo (1943-1966) -- Los orígenes del peronismo -- Los gobiernos peronistas -- Desarrollismo y democracia condicionada -- Dictaduras y democracia -- Entre el gobierno de Onganía y el retorno de Perón -- La última dictadura (1976-1983) -- Los gobiernos democráticos 
020 |a 9504605583 
100 1 |a Privitellio, Luciano de 
700 1 |a Luchilo, Lucas J. 
700 1 |a Cattaruzza, Alejandro M. 
700 1 |a Paz, Gustavo L. 
700 1 |a Rodríguez, Claudia L. 
082 0 4 |a Z982 
653 |a Historia 
653 |a Historia argentina 
653 |a Historia argentina 1810-1983 
859 |a CEMS  |b BIB. CEMS - 11 de abril  |h 982  |i P939  |p 20233.99  |t Ej.1 
859 |a CEMS  |b BIB. CEMS - Agricultura  |h 982  |i P939  |p A20390.99  |t Ej.1 
859 |a CEMS  |b BIB. CEMS - 11 de abril  |h 982  |i P939  |p 20267.99  |t Ej.2 
859 |a CEMS  |b BIB. CEMS - Agricultura  |h 982  |i P939  |p A2904.17  |t Ej.2 
859 |a CEMS  |b BIB. CEMS - 11 de abril  |h 982  |i P939  |p 20268.99  |t Ej.3 
859 |a CEMS  |b BIB. CEMS - 11 de abril  |h 982  |i P939  |p 20574.99  |t Ej.4 
859 |a CEMS  |b BIB. CEMS - 11 de abril  |h 982  |i P939  |p 21266.01  |t Ej.5 
859 |a CEMS  |b BIB. CEMS - 11 de abril  |h 982  |i P939  |p 21268.01  |t Ej.7